000 00694nam a22002177a 4500
003 OSt
005 20160602155237.0
008 131001t xxu||||| |||| 00| 0 eng d
020 _a9780871209467
050 _aLB 1525
_b.V34 2004
082 _aGLT 372.41
_bV46 2004
100 _aVaughn, Sharon
_922677
245 _aResearch-based methods of reading instruction grades K-3 /
_cSharon Vaughn, Sylvia Linan-Thompson.
260 _aAlexandria, VA :
_bASCD,
_cc2004.
300 _a149 p. :
_bill, ;
_c25 cm.
504 _aIncludes bibliographical references and index
562 _e1
650 _aReading (Primary)
_xUnited States
_922678
942 _2lcc
_cBK
_eGLT
999 _c12606
_d12606